| 000 | 00366nam a2200121Ia 4500 | ||
|---|---|---|---|
| 008 | 210430s9999 xx 000 0 und d | ||
| 082 | _a662.2 I 6111 I | ||
| 100 |
_aTutorials :non assessed _952682 |
||
| 245 |
_aIntroduction to Materials and Terminal Ballistics _cTutorials :non assessed |
||
| 260 |
_aphotocopy _bphotocopy _c2010 |
||
| 300 | _a55p | ||
| 942 |
_cBK _2ddc |
||
| 999 |
_c562081 _d562081 |
||